000 00834nam a2200253Ia 4500
003 OSt
005 20220923212202.0
006 a|||||r|||| 00| 0
007 ta
008 220922b |||||||| |||| 00| 0 hin d
024 _a151,486
037 _cTextual
040 _aARTS
_cARTS
_bhin
041 _2hin
_ahin
082 _aO152,3:g, K5
100 _aसिन्हा, सुरेश
245 0 _aउपन्यास शिल्प औेर प्रवृतियॉं
246 _aUpanyās shilpa auer pravṛutiyaॉan
260 _aलखनऊ
_b रामा प्रकाशन
_c1965
300 _a247 पृ.
_ccm.
650 _aहिन्दी साहित्य
_9156264
942 _hO152,3:g, K5
_cTEXL
_2CC
999 _c307159
_d307159